000 00504nam a2200145Ia 4500
008 140724s9999 xx 000 0 und d
050 _aT 58.4
_b.M828 2014
100 _aMorales, Adriano Miguel III V.
245 _aAutomated payroll system for Palms Tailoring of SISC /
_cAdriano Miguel V. Morales III.
260 _aLas PiƱas, Philippines :
_bSouthville International School and Colleges,
_cc2014.
300 _a66 p. :
_c28 cm.
521 _aInformation Technology
942 _cTH
999 _c229317
_d229317